000 00291nam a2200133Ia 4500
008 230312s9999||||xx |||||||||||||| ||und||
082 _a614.1
_bHUS-M
100 _aHusain;siddiq
245 0 _aMedical jurisprudence
260 _aPK
_c1976
300 _a369
650 _aMedical
942 _cBK
999 _c2234
_d2234